John Lennon (Record no. 128153)

MARC details
000 -LÍDER
campo de controle de tamanho fixo 01356 a2200253 4500
001 - NÚMERO DE CONTROLE
campo de controle 128153
040 ## - FONTE DA CATALOGAÇÃO
Instituição que transcreveu o registro Escola Canadense de Niteroi
090 ## - NÚMERO DE CHAMADA LOCAL
Número de chamada (OCLC) (R); Número de chamada, CALL (RLIN) (NR) COH
100 ## - ENTRADA PRINCIPAL--NOME PESSOAL
Nome pessoal Cohen, Marleine
245 10 - TÍTULO
Título John Lennon
250 ## - EDIÇÃO
Edição 1. ed.
260 ## - PUBLICAÇÃO, DISTRIBUIÇÃO, ETC.
Local de publicação, distribuição, etc. São Paulo
300 ## - DESCRIÇÃO FÍSICA
Extensão 111 p.
Outros detalhes físicos il.
362 0# - DATAS DE PUBLICAÇÃO E/OU DESIGNAÇÃO SEQUENCIAL
Datas de publicação e/ou designação sequencial 2006
490 0# - TÍTULO DA SÉRIE
Título da série Personagens que marcaram época
520 ## - NOTA DE RESUMO, ETC
Resumo, etc. Um, dois, três... cinco tiros na noite de 8 de dezembro de 1980, em Nova Iorque. Do edifício Dakota, em frente ao Central Park, um homem ensanguentado, casaco de couro, é levado às pressas ao hospital. <br/>O sonho acabava de fato. Por decisão e obra de um lunático, Mark Chapman, morria Lennon e, com ele, a esperança dos fãs de ver os Beatles reunidos novamente.<br/>Mas quem foi John Winston Lennon? <br/>Do nascimento em Liverpool sob bombardeio aéreo, durante a Segunda Guerra Mundial, ao abandono do pai e morte da mãe, atropelada em frente de casa; dos primeiros acordes regados a anfetamina e álcool na Alemanha ao mágico encontro com Yoko Ono, numa galeria de arte, e às campanhas humanitárias que o rotulavam de subversivo, John Lennon foi irreverência e criatividade.
650 #4 - ASSUNTO--TERMO TÓPICO
Cabeçalho tópico ou nome geográfico Não Ficção
650 #4 - ASSUNTO--TERMO TÓPICO
Cabeçalho tópico ou nome geográfico Biografia
650 #4 - ASSUNTO--TERMO TÓPICO
Cabeçalho tópico ou nome geográfico Música
650 #4 - ASSUNTO--TERMO TÓPICO
Cabeçalho tópico ou nome geográfico Musicos
650 #4 - ASSUNTO--TERMO TÓPICO
Cabeçalho tópico ou nome geográfico Literatura para Jovem Adulto
650 #4 - ASSUNTO--TERMO TÓPICO
Cabeçalho tópico ou nome geográfico Personagens Históricos
942 ## - ELEMENTOS DE ENTRADA ADICIONADOS (KOHA)
Tipo de material Koha Livros
Holdings
Situação do descarte Situação das perdas Situação física Não pode ser emprestado Biblioteca de origem Biblioteca atual Data de aquisição Total de empréstimos Número de chamada completo Código de barras Data de último acesso Data do último empréstimo Data do preço efetivo Tipo de material Koha
        Canadian School of Niterói - Itacoatiara Canadian School of Niterói - Itacoatiara 09/02/2024 1 COH A23243 09/05/2024 24/04/2024 09/02/2024 Livros